| 000 | 00418nam a2200157Ia 4500 | ||
|---|---|---|---|
| 008 | 160319s9999 xx 000 0 und d | ||
| 245 | _aColosseum : | ||
| 245 | _bRome's arena of death / | ||
| 245 | _cLaurence Rees; Tilman Remme. | ||
| 260 | _bDolby Digital. | ||
| 260 | _c2004 | ||
| 300 | _a1 videodisc (50 min.) : | ||
| 300 | _bsound, colored ; | ||
| 300 | _c4 3/4 in. | ||
| 650 | _aColosseum (Rome, Italy). | ||
| 999 |
_c292816 _d292816 |
||